000 01159nam a2200313 i 4500
001 000037745
003 DO-SdBNP
005 20260213100139.0
007 ta
008 130305s2012 dr 000 0 spa d
020 _a9789945869354
040 _aDO-SdBNP
_bspa
_cBNPHU
_erda
041 _aspa
082 4 _axxx
_bxxx
_222
100 1 _aDel Río Moreno, Justo Lucas,
_d1963-
_eautor
_4aut.
_964407
245 1 0 _aGanadería, plantaciones y comercio azucarero antillano siglo XVI y XVII /
_cJusto L. Del Río Moreno ; corrector, Lipe Collado
250 _aprimera edición
264 1 _aSanto Domingo :
_bAcademia Dominicana de la Historia,
_c2012.
300 _a646 páginas ;
_c23 cm.
336 _atexto
_btxt
_2rdacontent
337 _asin mediación
_bn
_2rdamedia
338 _avolumen
_bnc
_2rdacarrier
490 1 _aColección de la Academia Dominicana de la Historia
_v97
500 _aIncluye datos biográficos del autor en la solapa de la cubierta
500 _aIncluye referencias bibliográficas y notas al pie de las páginas
590 _aInventariado, 2026/BT
700 1 _aCollado, Lipe,
_ecorrector
_4corr.
_989011
942 _2ddc
_cLBS1
999 _c37235
_d37235